LDR 00816naa#a2200193#i#450# 001 EN\\bibl\120589 005 20260501110735.5 011 ## _a2587-6740 100 ## _a20260415b2026####ek#y0engy0150####ca 102 ## _aRU 200 1# _aThe modern aspect of the cluster approach in improving the efficiency of agricultural management _eJournal article 210 1# _aMoscow _cElectronic science _d2026 215 ## _a5 с. 608 ## _aJournal article _2local 675 ## _aЭкономическое положение. Экономическая политика. Управление и планирование в экономике. Производство. Услуги. Цены. 338 _z 700 #1 _aIzmailova _gSvetlana Anatol'evna 700 #1 _aKozhina _gVeronika Olegovna 700 #1 _aTolmacheva _gIrina Vil'evna 856 4# _aecience.ru _u